[Event "Pan American-ch School U13 12th"]
[Site "Callao"]
[Date "2023.10.17"]
[Round "3"]
[White "Solorzano Roncal, Ezzio Jose"]
[Black "Zhong, Ryan Yunhui"]
[Result "1-0"]
[WhiteElo "1385"]
[BlackElo "1858"]
[PlyCount "137"]
[EventDate "2023.10.16"]
[EventType "swiss"]
[EventRounds "9"]
[EventCountry "PER"]
[SourceTitle "Mega2024 Update 01"]
[Source "Chessbase"]
[SourceDate "2023.11.12"]
[SourceVersion "1"]
[SourceVersionDate "2023.11.12"]
[SourceQuality "1"]

1. d4 d5 2. Bf4 Nf6 3. e3 e6 4. Nf3 c5 5. c3 Nc6 6. Nbd2 Bd6 7. Bxd6 Qxd6 8. Be2 0-0 9. 0-0 e5 10. dxe5 Nxe5 11. h3 Bf5 12. Nxe5 Qxe5 13. Nf3 Qe7 14. Bd3 Bxd3 15. Qxd3 Rad8 16. Rad1 Rd7 17. Rfe1 Rfd8 18. Qc2 Ne4 19. Nd2 f5 20. f3 Nxd2 21. Rxd2 Qe5 22. Rde2 g6 23. Qb3 Kg7 24. Rd2 b6 25. Qa4 d4 26. cxd4 cxd4 27. Rd3 f4 28. e4 b5 29. Qb4 Rc7 30. Red1 Rc4 31. Qa5 Rd7 32. Qd2 Qc5 33. Qxf4 Rc2 34. e5 Rxb2 35. Qf6+ Kh6 36. Qh4+ Kg7 37. Qf6+ Kg8 38. e6 Qd6 39. Rc3 dxc3 40. Rxd6 c2 41. Qxb2 Rxd6 42. Qxc2 Rxe6 43. Qc8+ Kf7 44. Qd7+ Re7 45. Qxb5 Kf6 46. g4 Kg7 47. Kg2 h6 48. h4 Kh7 49. a4 Kg7 50. a5 Kh7 51. a6 Kg8 52. Kg3 Kg7 53. Qc6 Kf7 54. h5 gxh5 55. gxh5 Kg7 56. Qg6+ Kf8 57. Qxh6+ Rg7+ 58. Kf4 Kg8 59. Qxg7+ Kxg7 60. Ke5 Kh6 61. Ke6 Kxh5 62. f4 Kg6 63. f5+ Kh6 64. f6 Kg6 65. Ke7 Kh6 66. f7 Kh7 67. f8Q Kg6 68. Qf4 Kh7 69. Qg5 1-0